[Event "FRA-ch 31th blind"]
[Site "Sautron"]
[Date "2015.05.17"]
[Round "7"]
[White "Ababsa, Tufek"]
[Black "Clauzel, Andre"]
[Result "0-1"]
[WhiteElo "1725"]
[BlackElo "1599"]
[PlyCount "90"]
[EventDate "2015.04.13"]
[EventType "swiss"]
[EventRounds "7"]
[EventCountry "FRA"]
[SourceTitle "EXT 2016"]
[Source "ChessBase"]
[SourceDate "2015.10.08"]
[SourceVersion "1"]
[SourceVersionDate "2015.10.08"]
[SourceQuality "1"]

1. e4 c5 2. Nf3 d6 3. d3 Nf6 4. g3 Bg4 5. h3 Bxf3 6. Qxf3 e6 7. Bg2 Nc6 8. 0-0 Nd4 9. Qd1 Qc7 10. c3 Nc6 11. a4 a5 12. Na3 Be7 13. f4 0-0 14. g4 g6 15. f5 Kg7 16. g5 Nh5 17. f6+ Nxf6 18. gxf6+ Bxf6 19. Rxf6 Kxf6 20. Bh6 Rg8 21. Nb5 Qd7 22. Qg4 Ke7 23. Bf4 e5 24. Qh4+ Ke6 25. Bg5 f5 26. exf5+ gxf5 27. c4 Qg7 28. Bd5+ Kd7 29. Bxg8 Rxg8 30. Kf2 Qxg5 31. Qxg5 Rxg5 32. Nc3 h5 33. Nd5 h4 34. Ne3 Rg3 35. Nxf5 Rxh3 36. Rg1 Ke6 37. Ne3 Rh2+ 38. Rg2 Rxg2+ 39. Nxg2 Nb4 40. Ne1 Kf5 41. Kf3 h3 42. Kg3 h2 43. Kg2 h1Q+ 44. Kxh1 Kf4 45. Kg2 Ke3 0-1

[Event "FRA-ch 31th blind"]
[Site "Sautron"]
[Date "2015.05.16"]
[Round "6"]
[White "Clauzel, Andre"]
[Black "Deville, Olivier"]
[Result "0-1"]
[WhiteElo "1599"]
[BlackElo "1934"]
[PlyCount "67"]
[EventDate "2015.04.13"]
[EventType "swiss"]
[EventRounds "7"]
[EventCountry "FRA"]
[SourceTitle "EXT 2016"]
[Source "ChessBase"]
[SourceDate "2015.10.08"]
[SourceVersion "1"]
[SourceVersionDate "2015.10.08"]
[SourceQuality "1"]

1. Nf3 c5 2. c4 b6 3. g3 Bb7 4. Bg2 Nf6 5. Nc3 e6 6. d3 Be7 7. e4 d6 8. Bg5 Nbd7 9. 0-0 0-0 10. Re1 h6 11. Bxf6 Nxf6 12. e5 Nd7 13. exd6 Bxd6 14. Nb5 Be7 15. Ne5 Bxg2 16. Kxg2 Nxe5 17. Rxe5 Bf6 18. Re2 Qd7 19. Qc2 Rfd8 20. Rd1 Qc6+ 21. Kg1 h5 22. h4 Qf3 23. Re3 Qg4 24. Re4 Qh3 25. Qe2 g6 26. Qf3 Bxb2 27. Nc7 Rac8 28. Nxe6 fxe6 29. Qf4 Qf5 30. Qe3 Bd4 31. Qe2 e5 32. g4 hxg4 33. Rxg4 Rf8 34. Ra1 0-1

[Event "FRA-ch blind 30th"]
[Site "Arras"]
[Date "2014.05.30"]
[Round "2"]
[White "Delavalade, Philippe"]
[Black "Clauzel, Andre"]
[Result "1-0"]
[WhiteElo "1910"]
[BlackElo "1640"]
[PlyCount "23"]
[EventDate "2014.05.30"]
[EventType "swiss"]
[EventRounds "7"]
[EventCountry "FRA"]
[SourceTitle "EXT 2015"]
[Source "ChessBase"]
[SourceDate "2014.11.20"]
[SourceVersion "1"]
[SourceVersionDate "2014.11.20"]
[SourceQuality "1"]

1. e4 d6 2. d4 g6 3. Bc4 Bg7 4. Nf3 Bg4 5. Bxf7+ Kf8 6. h3 Bd7 7. Ng5 h6 8. Ne6+ Bxe6 9. Bxe6 Nd7 10. Qg4 Ngf6 11. Qxg6 Qe8 12. Qf5 1-0